| 000 | 00000nam 2200000za 4500 |
| 001 | 9.676853 |
| 003 | CaOODSP |
| 005 | 20250307101955 |
| 007 | cr ||||||||||| |
| 008 | 160503s2013 xxc|||||o f|0| 0 iku d |
| 020 | |a978-0-662-03802-3 |
| 040 | |aCaOODSP|beng |
| 043 | |an-cn--- |
| 086 | 1 |aFR5-83/2013Iku2-PDF|zFR5-83/2013S-PDF |
| 110 | 1 |aCanada.|bForeign Affairs, Trade and Development Canada. |
| 245 | 10|a[Development for the people of the North - the Arctic Council Program during Canada's chairmanship (2013-15)] |h[electronic resource]. |
| 250 | |a[Inuktitut edition]. |
| 260 | |a[Ottawa] : |bForeign Affairs, Trade and Development Canada, |c2013. |
| 300 | |a1 p. |
| 500 | |aEnglish title supplied by the publisher. |
| 500 | |aIssued also in English under title: Development for the people of the North - the Arctic Council Program during Canada's chairmanship (2013-15). |
| 546 | |aText in Inuktitut. |
| 775 | 08|tCanada's Arctic Council chairmanship 2013-2015 |w(CaOODSP)9.698562 |
| 792 | |t[La présidence canadienne du Conseil de l'Arctique 2013-2015] |efre|w(CaOODSP)9.676854 |
| 856 | 40|qPDF|s734 KB|uhttps://publications.gc.ca/collections/collection_2016/amc-gac/FR5-83-2013-iku.pdf |